| 000 | 00516nam a2200169Ia 4500 | ||
|---|---|---|---|
| 999 |
_c28730 _d28730 |
||
| 003 | OSt | ||
| 005 | 20201228102844.0 | ||
| 008 | 190216s9999||||xx |||||||||||||| ||und|| | ||
| 040 | _coclc | ||
| 082 |
_a894.812301 _bKOD/M |
||
| 100 |
_aKodencheri, Vijayan _97891 |
||
| 245 | 0 |
_aMalayalathile Aadyakala Kadhakal / _cVijayan Kodencheri |
|
| 260 |
_bDhronacharya Publications, _aCalicut: _c2006. |
||
| 300 | _a512p | ||
| 650 | _aKathakal | ||
| 942 |
_cBK _2ddc _h894.812301 _iKOD/M _k894.812301 _mKOD/M |
||